MARC

LEADER 00000nam0a2200000 4500
001 106780
005 20231031115030.0
035 |a (RuTPU)RU\TPU\book\115305 
090 |a 106780 
100 |a 20061213d1985 km y0rusy50 ca 
101 0 |a rus 
102 |a RU 
105 |a a z 001zy 
200 1 |a Определение ядерно-физических и теплофизических характеристик ВВЭР с помощью радиационных измерителей  |f В. В. Лысенко [и др.] 
210 |a Москва  |c Атомиздат  |d 1985 
215 |a 120 с.  |c ил. 
225 1 |a Библиотека эксплуатационника АЭС  |h Вып.5 
320 |a Библиогр.: с. 116-119. 
610 1 |a атомная энергетика 
610 1 |a атомные электрические станции 
610 1 |a атомные электростанции 
610 1 |a АЭС 
610 1 |a радиационные измерения 
610 1 |a теплофизические измерения 
610 1 |a ядерно-физические данные 
610 1 |a теплоносители 
610 1 |a тепловая мощность 
610 1 |a ВВЭР 
675 |a 621.311.25  |v 3 
701 1 |a Лысенко  |b В. В.  |g Вилен Васильевич 
701 1 |a Мусорин  |b А. И.  |g Алексей Иванович 
701 1 |a Рымаренко  |b А. И.  |g Александр Иосифович 
701 1 |a Цыпин  |b С. Г.  |g Самуил Григорьевич 
801 1 |a RU  |b 63413507  |c 20061213  |g PSBO 
801 2 |a RU  |b 63413507  |c 20091207  |g PSBO 
900 |a Экспериментальные методы контроля полей нейтронного излучения 
942 |c BK